Llibre dels secrets d'agricultura, casa rústica i pastoril / Miquel Agustí ; estudis preliminars de Lluís Argemí, Joaquim Garriga, Modest Prats, ... [et al]
ISBN:
84-86556-59-7
Publicado:
Barcelona :
Alta Fulla : Diputació de Barcelona : amb la col·laboració de la Diputació de Girona ,
1988
Descripción Física:
45, 194 i índex sense paginar ; 29 cm
Colección:
Clàssics del Pensament Econòmic Català ; 1
MARC
| LEADER | 00000nam a2200000Ia 4500 | ||
|---|---|---|---|
| 001 | 8288 | ||
| 008 | 160829s1988 xx 000 0 cat d | ||
| 020 | |a 84-86556-59-7 | ||
| 080 | |a C-1-24 | ||
| 100 | |a Agustí, Miquel |9 23601 | ||
| 245 | |a Llibre dels secrets d'agricultura, casa rústica i pastoril / Miquel Agustí ; estudis preliminars de Lluís Argemí, Joaquim Garriga, Modest Prats, ... [et al] | ||
| 260 | |a Barcelona : |b Alta Fulla : |b Diputació de Barcelona : |b amb la col·laboració de la Diputació de Girona, |c 1988 | ||
| 300 | |a 45, 194 i índex sense paginar ; |c 29 cm | ||
| 490 | |a Clàssics del Pensament Econòmic Català ; 1 | ||
| 590 | |a Edició facsímil de l'original de 1617 | ||
| 650 | |a Agricultura |x Catalunya |x Obres anteriors a 1800 |9 23602 | ||
| 700 | |a Argemí, Lluís |9 23603 | ||
| 700 | |a Girona. Diputació | ||
| 710 | 1 | |a Barcelona (Catalunya : Província). |b Diputació |9 52408 | |
| 901 | |a Arxiu | ||
| 942 | |n 1 | ||
| 952 | |0 0 |1 0 |4 0 |6 C124 |7 1 |9 42772 |a Arxiu |b Arxiu |d 2016-12-01 |l 0 |o C-1-24 |p 8288 |r 2016-12-01 00:00:00 |w 2016-12-01 |y ARXIU | ||
| 999 | |c 45278 |d 45278 | ||